000 00698nam a2200241 i 4500
001 000027641
003 DO-SdBNP
005 20241210090035.0
007 ta
008 110404s1963 dr 000 0 spa d
040 _aDO-SdBNP
_bspa
_cBNPHU
_erda
041 _hspa
082 _a972.9304
_bS477r
_222
100 1 _aSenior, Eugenio J.
_eautor
_954732
245 1 3 _aLa Restauración en Puerto Plata /
_cEugenio J.Senior ; preliminar de Rafael C. Senior.
264 _aSanto Domingo :
_bMontalvo,
_c1963.
300 _a107 pƔginas ;
_c24 cm.
336 _ardacontent
_btexto
_2txt
590 _aInventariado, 2024/DG
700 1 _aSenior, Rafael C.
_954733
910 _aDG
942 _2ddc
_cLBS1
999 _c27133
_d27133